Basic writings : From Being and time (1927) to The task of thinking (1964)
This is a strong collection, benefiting from an excellent and up to date critical apparatus and providing a decent, if not exhaustive, overview of the thinking of German philosopher Martin Heidegger through a well judged collection of essays by that author. These include the introduction to Being an...
Bewaard in:
| Hoofdauteur: | |
|---|---|
| Formaat: | Boek |
| Taal: | Undetermined |
| Gepubliceerd in: |
New York
Harper & Row
1977
|
| Onderwerpen: | |
| Tags: |
Voeg label toe
Geen labels, Wees de eerste die dit record labelt!
|
| Thư viện lưu trữ: | Trung tâm Học liệu Trường Đại học Cần Thơ |
|---|
| LEADER | 01044nam a2200205Ia 4500 | ||
|---|---|---|---|
| 001 | CTU_218815 | ||
| 008 | 210402s9999 xx 000 0 und d | ||
| 082 | |a 193 | ||
| 082 | |b H465 | ||
| 100 | |a Heidegger, Martin | ||
| 245 | 0 | |a Basic writings : | |
| 245 | 0 | |b From Being and time (1927) to The task of thinking (1964) | |
| 245 | 0 | |c Martin Heidegger ; edited, with general introd. and introductions to each selection by David Farrell Krell | |
| 260 | |a New York | ||
| 260 | |b Harper & Row | ||
| 260 | |c 1977 | ||
| 520 | |a This is a strong collection, benefiting from an excellent and up to date critical apparatus and providing a decent, if not exhaustive, overview of the thinking of German philosopher Martin Heidegger through a well judged collection of essays by that author. These include the introduction to Being and Time, The Letter on Humanism, The Question Concerning Technology, The Way to Language and more. | ||
| 650 | |a Philosophy,Triết học | ||
| 904 | |i Qhieu | ||
| 980 | |a Trung tâm Học liệu Trường Đại học Cần Thơ | ||